Państwa produkujące najwięcej oleju palmowego - Statystyki

Ogólne statystyki
  • Ten quiz został rozwiązany 62 razy
  • Średni wynik to 13 z 20
Statystyki odpowiedzi
Ton Państwo % Poprawnych
362 tys Brazylia
100%
188 tys Chiny
96%
40,6 mln Indonezja
92%
1,65 mln Kolumbia
87%
115 tys Meksyk
85%
198 tys Peru
81%
125 tys Filipiny
77%
19,5 mln Malezja
75%
2,78 mln Tajlandia
75%
99 tys Demokratyczna Republika Konga
72%
560 tys Ekwador
66%
1,13 mln Nigeria
62%
313 tys Ghana
47%
250 tys Kostaryka
45%
648 tys Papua-Nowa Gwinea
45%
300 tys Kamerun
43%
450 tys Wybrzeże Kości Słoniowej
42%
875 tys Gwatemala
40%
653 tys Honduras
38%
90 tys Nikaragua
38%
Nie znaleziono quizów pasujących do podanych kryteriów
Rozkład punktacji
Procent ludzi z każdym wynikiem
Percentyl według liczby udzielonych odpowiedzi
Twoja historia wyników
Nie rozwiązałeś tego quizu